|
|
|
|
| LEADER |
00670nam a2200205Ia 4500 |
| 001 |
CTU_152513 |
| 008 |
210402s9999 xx 000 0 und d |
| 020 |
|
|
|c 60.47
|
| 082 |
|
|
|a 355.6
|
| 082 |
|
|
|b J77/3rd
|
| 100 |
|
|
|a Jones, James V
|
| 245 |
|
0 |
|a Integrated logistics support handbook
|
| 245 |
|
0 |
|c James V. Jones
|
| 260 |
|
|
|a New York
|
| 260 |
|
|
|b Sole Logistics Press/McGraw-Hill
|
| 260 |
|
|
|c c2006
|
| 650 |
|
|
|a United States,United States,Logistics,Hoa Kỳ
|
| 650 |
|
|
|x Procurement,Armed Forces,Armed Forces,Supplies and stores,Kỷ luật quân đội,Thu thập
|
| 904 |
|
|
|i Nguyên
|
| 980 |
|
|
|a Trung tâm Học liệu Trường Đại học Cần Thơ
|